000 00546nam a2200205 a 4500
001 6095
003 CO-ViMGA
008 141112s2004 ck r 000 u spa d
020 _a9580462402
040 _aCO-ViMGA
_bspa
_cCO-ViMGA
082 0 4 _aA863.6 G151m
100 1 _aGambaro, Griselda
_94728
245 1 0 _aEl Mar que nos trajo
260 _aBogotá :
_bNorma,
_c2001
300 _a156 p
490 _aLa otra orilla
590 _aForma de adquisición : Premio Mincultura
650 1 4 _aNOVELA ARGENTINA - SIGLO XX
_94729
942 _2ddc
_cBK
999 _c18069
_d18069